书目信息 |
| 题名: |
文学概论
|
|
| 作者: | ;河北天津师范专科学校 编 | |
| 分册: | ||
| 出版信息: | 天津 天津师范专科学校 1981 |
|
| 页数: | 273页 | |
| 开本: | 19cm | |
| 丛书名: | ||
| 单 册: | ||
| 中图分类: | I02 | |
| 科图分类: | ||
| 主题词: | 文学理论--基本问题 | |
| 电子资源: | ||
| ISBN: | ||
| 000 | 00711nam0 2200241 45 | |
| 001 | 0181005630 | |
| 005 | 20060911083753.70 | |
| 010 | @dCNY1.10 | |
| 100 | @a19950207d1981 em y0chiy0121 ea | |
| 101 | 0 | @achi |
| 102 | @aCN@b220000 | |
| 102 | @aCN@b120000 | |
| 105 | @ay z 000yy | |
| 200 | 10 | @a文学概论@Awen xue gai lun@f河北天津师范专科学校编@FHe Bei Tian Jin Shi Fan Zhuan Ke Xue Xiao Bian |
| 210 | @a天津@c天津师范专科学校@d1981 | |
| 215 | @a273页@d19cm | |
| 300 | @a内部教材 | |
| 606 | 0 | @a文学理论@x基本问题 |
| 690 | @aI02 | |
| 711 | 02 | @a河北天津师范专科学校@4编 |
| 801 | 0 | @aCN@b上海图书馆@c20060911 |
| 801 | 2 | @aCN@bNLC@c20060306 |
| 905 | @f3@b32453-455@dI02@e11@b32451@f1@b32457@f1@b32449@f1 | |
| 文学概论/河北天津师范专科学校编.-天津:天津师范专科学校,1981 |
| 273页;19cm |
| 内部教材 |
| ISBN :CNY1.10 |
| ● |
| 相关链接 |
|
|
|
|
正题名:文学概论
索取号:I02/11
 
预约/预借
| 序号 | 登录号 | 条形码 | 馆藏地/架位号 | 状态 | 备注 |
| 1 | 0032448 | 000840763 | 第一样本阅览室/ [索取号:I02/11] | 在馆 | |
| 2 | 0032449 | 000840834 | 第二借阅区/ [索取号:I02/11] | 在馆 | |
| 3 | 0032450 | 202201642 | 密集书库/ [索取号:I02/11] | 在馆 | |
| 4 | 0032451 | 000840790 | 第二借阅区/ [索取号:I02/11] | 在馆 | |
| 5 | 0032453 | 000840889 | 第二借阅区/ [索取号:I02/11] | 在馆 | |
| 6 | 0032454 | 000840870 | 第二借阅区/ [索取号:I02/11] | 在馆 | |
| 7 | 0032455 | 000840807 | 第二借阅区/ [索取号:I02/11] | 在馆 | |
| 8 | 0032456 | 202201606 | 密集书库/ [索取号:I02/11] | 在馆 | |
| 9 | 0032457 | 000840843 | 第二借阅区/ [索取号:I02/11] | 在馆 | |
| 10 | 0475389 | 204753891 | 密集书库/ [索取号:I02/11] | 在馆 | |
| 11 | 0475398 | 204753980 | 密集书库/ [索取号:I02/11] | 在馆 |